Central Library OPAC University of Rajshahi

A draft modern Islamic constitution for Pakistan / (Record no. 59302)

MARC details
000 -LEADER
fixed length control field 01495nam a2200253 a 4500
001 - CONTROL NUMBER
control field 59302
003 - CONTROL NUMBER IDENTIFIER
rucl marc code BD-RjUL
005 - DATE AND TIME OF LATEST TRANSACTION
control field 20211209080720.0
008 - FIXED-LENGTH DATA ELEMENTS--GENERAL INFORMATION
fixed length control field 161222s1954 pk 000 0 eng d
020 ## - INTERNATIONAL STANDARD BOOK NUMBER
Terms of availability : Prs. 3.00
035 ## - SYSTEM CONTROL NUMBER
System control number (BD-RjUL)59426
040 ## - CATALOGING SOURCE
Original cataloging agency DLC
Transcribing agency NDD
Modifying agency BD-RjUL
Language of cataloging eng
041 0# - LANGUAGE CODE
Language code of text/sound track or separate title eng
-- urd
082 ## - DEWEY DECIMAL CLASSIFICATION NUMBER
Edition number 23
Author mark and year MUD 1954
Classification number 342.549
100 0# - MAIN ENTRY--PERSONAL NAME
Personal name Mufakkir
9 (RLIN) 176392
245 12 - TITLE STATEMENT
Title A draft modern Islamic constitution for Pakistan /
Statement of responsibility, etc. by Mufakkir.
260 ## - PUBLICATION, DISTRIBUTION, ETC. (IMPRINT)
Place of publication, distribution, etc. Karachi :
Name of publisher, distributor, etc. Lion Art Press,
Date of publication, distribution, etc. [1954]
300 ## - PHYSICAL DESCRIPTION
Pagination xv, 42, iv, [43]-127, 19 p. ;
Size 18 cm.
500 ## - GENERAL NOTE
General note Includes examples from Mufakkir's draft of an Islamic constitution for Pakistan, in Urdu, with added t.p. in Urdu: Pākistān ke liʼe jadīd Islāmī dastūr.
General note 2nd section with t.p.: A few specimen pages from The concise encyclopedia of Islamic general knowledge : dealing with the definition of Islam, the theories of Islamic epistemology, ontology, cosmogony, cosmology eschatalogy, jurisprudence and economics.
General note Page vii numbered as leaf no. vii. Added t.p. in Arabic. "A few specimen pages from The concise encylopedia [sic] of Islamic general knowledge, by Muffakir, dealing with the definition of Islam, the theories of Islamic epistemology, ontology, cosmogony, cosmology, eschatalogy, jurisprudence and economics": pages iv, 44-127. Text of Constitution in Arabic, [27] p. at end, with paging in Arabic.
650 ## - SUBJECT ADDED ENTRY--TOPICAL TERM
Topical term or geographic name as entry element Constitution
Form subdivision History
Geographic subdivision Pakistan
9 (RLIN) 176636
942 ## - ADDED ENTRY ELEMENTS (KOHA)
Source of classification or shelving scheme Dewey Decimal Classification
Koha item type Rare Books
Holdings
Lost status Source of classification or shelving scheme Damaged status Not for loan Collection code Permanent Location Current Location Shelving location Date acquired Source of acquisition Cost, normal purchase price Total Checkouts Full call number Date last seen Copy number Koha item type
  Dewey Decimal Classification   Not For Loan Rare Books Central Library, University of Rajshahi Central Library, University of Rajshahi Rare Book Section 09/06/1955 Grenich 3.00   RA 342.549 MUD 1954 22/12/2016 C-1 Rare Books